• 首页
  • 本馆介绍
  • 公告通知
  • 最新文献
  • 馆藏检索
  • 电子资源
  • 读者导购
  • 参考咨询
  • 我的图书馆
  • 登录
  • 详细信息显示
  • 放入我的书架
  • 预约/预借图书
  • 作者相关作品
  • 分类相关作品
  • 丛书相关作品
  • 出版社相关作品

书目信息

  • 表格格式
  • 工作单格式
  • 卡片格式
题名:
轻便摩托车的构造与使用
    
 
作者: 韩守身 编著
分册:  
出版信息: 兰州   甘肃人民出版社  1983
页数: 219页
开本: 20cm
丛书名:
单 册:
中图分类: U483
科图分类:
主题词: 道路--运输--工具
电子资源:
ISBN:
000 00550nam0 2200193 45
001 0312221749
005 20060815163130.38
010    @dCNY0.63
091    @a15096.55
100    @a20031222d1983 km y0chiy0120 ea
101    @achi
200 1  @a轻便摩托车的构造与使用@AQing Bian Mo Tuo Che De Gou Zao Yu Shi Yong@f韩守身编著@FHan Shou Shen Bian Zhu
210    @a兰州@c甘肃人民出版社@d1983
215    @a219页@d20cm
606 0  @a道路@x运输@x工具
690    @aU483@v3
701 0  @a韩守身@4编著
801    @aCN@bTSTCL@c20060815
905    @dU483@e37@f1@b158483
    
    轻便摩托车的构造与使用/韩守身编著.-兰州:甘肃人民出版社,1983
    219页;20cm
    
    
    ISBN :CNY0.63
    
●
相关链接 在E读中查询图书 在五车中查询图书 在当当中查询图书 在豆瓣中查询图书


正题名:轻便摩托车的构造与使用     索取号:U483/37         预约/预借

序号 登录号 条形码 馆藏地/架位号 状态 备注
1 0158482   202364119   密集书库/ [索取号:U483/37] 在馆    
2 0158483   001487206   第三借阅区/ [索取号:U483/37] 在馆    
3 0158484   001487199   第二样本阅览室/ [索取号:U483/37] 在馆    
4 0438655   204386556   密集书库/ [索取号:U483/37] 在馆    
5 0458595   204585957   密集书库/ [索取号:U483/37] 在馆    
唐山师范学院图书馆 欢迎您!
大连网信软件有限公司© 版权所有